Métodos de investigación en psicología y psicopatología

Enregistré dans:
Détails bibliographiques
Auteurs principaux: Ziziemsky, David (Auteur), Azcoaga, Juan (Auteur), Bleger, José (Auteur), García de Onrubia, Luis F (Auteur), Klimovsky, Gregorio (Auteur), Musso, J. Ricardo (Auteur)
Autres auteurs: Masotta, Oscar (autor)
Format: Livre
Langue:espagnol
Publié: Buenos Aires Nueva Visión 1971
Collection:Colección Lenguaje y Comunicación
Sujets:
Tags: Ajouter un tag
Pas de tags, Soyez le premier à ajouter un tag!

MARC

LEADER 00000nam a2200000 a 4500
001 UCO9474
003 CL-VaPUC
008 010302e19710000AG |||||||||||||||||spa|d
082 0 4 |a 150.724  |b ZIZ  |2 21 
100 0 |a Ziziemsky, David  |e author  |9 454651 
700 0 |a Azcoaga, Juan  |e author  |9 454652 
700 0 |a Bleger, José  |e author  |9 454653 
700 0 |a García de Onrubia, Luis F  |e author  |9 454654 
700 0 |a Klimovsky, Gregorio  |e author  |9 454655 
700 |a Masotta, Oscar  |e autor  |9 519945 
700 0 |a Musso, J. Ricardo  |e author  |9 454657 
245 1 0 |a Métodos de investigación en psicología y psicopatología 
300 |a 214 p 
942 |c BK 
945 |d 20010302 00:00:00  |a cmena 
260 |a Buenos Aires  |b Nueva Visión  |c 1971 
650 0 |a Investigación científica  |9 259857 
650 0 |a Métodos de investigación   |9 262618 
650 0 |a Psicopatología   |9 307473 
650 0 |a Psicoanálisis   |9 265702 
650 0 |a Psicología del desarrollo  |9 307541 
583 |a last modification  |c 20130101 08:32:35  |k Rodrigo Vera 
490 0 |a Colección Lenguaje y Comunicación 
999 |c 293680  |d 293678 
952 |0 0  |1 0  |4 0  |6 150_724000000000000_ZIZ_1971  |7 0  |8 A  |9 345368  |a FDOPOS  |b FDOPOS  |d 2019-11-20  |i 3691055  |o 150.724 ZIZ 1971  |p 3691055  |r 2025-01-22  |w 2019-11-20  |y BK  |k MLA